000 00385nam a2200169Ia 4500
001 11701
003 IN-NITTTR
005 20251114233109.0
008 251113s9999||||xx |||||||||||||| ||eng||
040 _beng
040 _cIN-NITTTR
041 _aeng
082 _a006.3 M11
245 0 _aMachine intelligence 8 /
_cElcock, E. W., ed.
700 _aElcock, E. W.
942 _2ddc
_cBK
999 _c14337
_d14337